Представление документа в формате MARC21

Поле Инд. ПП Название Значение
Тип записи a
Библиографический уровень b
001 Контрольный номер RU/IS/BASE/101988809
005 Дата корректировки 20200522190741.0
084 a Индекс другой классификации/Индекс ББК 66.01; 65.010
100 1_ a Автор Дробот Г. А.
245 a Заглавие Меняющаяся роль государства в мировой экономике XX века
504 a Библиография Библиогр. ссылки. - Примеч.
650 a Основная рубрика политика
a Основная рубрика политология
a Основная рубрика экономика
a Основная рубрика экономическая теория
653 a Ключевые слова глобализация
a Ключевые слова государственное регулирование
a Ключевые слова государство
a Ключевые слова исторический подход
a Ключевые слова контрольные экономические функции
a Ключевые слова международные экономические отношения
a Ключевые слова методология политических исследований
a Ключевые слова мировая экономика
a Ключевые слова национальные экономики
a Ключевые слова постсоциалистические страны
a Ключевые слова развивающиеся страны
a Ключевые слова расходы государства
a Ключевые слова рыночная экономика
a Ключевые слова социально-экономическое развитие
a Ключевые слова стабилизационная экономическая политика
a Ключевые слова типологический подход
a Ключевые слова управление экономикой
a Ключевые слова формационный подход
a Ключевые слова централизованное планирование
a Ключевые слова экономическая политика
a Ключевые слова экономическая роль государства
a Ключевые слова экономические факторы политики
773 t Заглавие источника Вестник Московского университета. Серия 18, Социология и политология
d Дата издания источника 2002
g Прочая информация № 3. - С. 25 - 39 : табл.
w Контрольный № источника RU/IS/BASE/148577983
901 t Тип документа b